| 000 | 00685nam a2200193Ii 4500 | ||
|---|---|---|---|
| 003 | JO-AjNU | ||
| 008 | 230605s9999||||xx |||||||||||||| ||und|| | ||
| 040 |
_aJO-AjNU _bara _erda _cJO-AjNU |
||
| 041 | _aara | ||
| 050 | 1 | 4 | _aGV557.M2744 1985 |
| 100 | 3 |
_a القاهرة، جامعة حلوان, _eauthor _920003 |
|
| 245 | 0 | 0 | _aمؤتمر الرياضة للجميع 15 - 17 1984: ملخصات البحوث |
| 264 | 3 | 1 | _aالقاهرة: جامعة حلوان، 1984 |
| 300 | _a152ص | ||
| 336 |
_atext _btxt _2rdacontent |
||
| 337 |
_aunmediated _bn _2rdamedia |
||
| 338 |
_avolume _bnc _2rdacarrier |
||
| 650 | 4 |
_aمؤتمر الرياضة للجميع 15 - 17 1984- ابحاث _920004 |
|
| 999 |
_aA6703 _c10271 _d10271 |
||